Statystyki dla Kwadraty liczb od 1 do 100

Kliknij tutaj aby rozwiązać quiz!

Ogólne statystyki

  • Ten quiz został rozwiązany 54 razy
  • Średni wynik to 29 z 100

Statystyki odpowiedzi

PotęgaWynik% Poprawnych
1
100%
10²100
97%
16
97%
25
97%
36
97%
4
97%
49
97%
64
97%
81
97%
9
97%
12²144
92%
11²121
89%
13²169
86%
14²196
83%
15²225
83%
16²256
72%
20²400
72%
17²289
64%
18²324
58%
19²361
58%
10010000
56%
30²900
56%
40²1600
53%
21²441
53%
50²2500
47%
60²3600
47%
70²4900
47%
80²6400
47%
90²8100
47%
22²484
42%
25²625
42%
23²529
36%
32²1024
33%
24²576
33%
26²676
28%
27²729
28%
28²784
28%
29²841
28%
31²961
28%
33²1089
19%
64²4096
19%
34²1156
17%
35²1225
17%
36²1296
17%
37²1369
11%
38²1444
11%
41²1681
11%
45²2025
11%
39²1521
8%
42²1764
8%
43²1849
8%
44²1936
8%
46²2116
8%
55²3025
8%
56²3136
8%
65²4225
8%
75²5625
8%
85²7225
8%
95²9025
8%
47²2209
6%
48²2304
6%
49²2401
6%
51²2601
6%
52²2704
6%
53²2809
6%
54²2916
6%
57²3249
6%
58²3364
6%
59²3481
6%
61²3721
6%
62²3844
6%
63²3969
6%
66²4356
6%
67²4489
6%
68²4624
6%
69²4761
6%
71²5041
6%
72²5184
6%
73²5329
6%
74²5476
6%
81²6561
6%
82²6724
6%
83²6889
6%
84²7056
6%
99²9801
6%
76²5776
3%
77²5929
3%
78²6084
3%
79²6241
3%
86²7396
3%
87²7569
3%
88²7744
3%
89²7921
3%
91²8281
3%
92²8464
3%
93²8649
3%
94²8836
3%
96²9216
3%
97²9409
3%
98²9604
3%

Rozkład punktacji

Percentyl według liczby udzielonych odpowiedzi

Procent ludzi z każdym wynikiem

Twoja historia wyników

Nie rozwiązałeś tego quizu